Central Library OPAC University of Rajshahi

নর্বাসিত নায়ক / (Record no. 49163)

MARC details
000 -LEADER
fixed length control field 00737nam a2200229 a 4500
001 - CONTROL NUMBER
control field 49163
003 - CONTROL NUMBER IDENTIFIER
rucl marc code BD-RjUL
005 - DATE AND TIME OF LATEST TRANSACTION
control field 20211209054637.0
008 - FIXED-LENGTH DATA ELEMENTS--GENERAL INFORMATION
fixed length control field 160818s1967 b ||||| |||| 00| 0 eng d
020 ## - INTERNATIONAL STANDARD BOOK NUMBER
Terms of availability : Tk.3.00
035 ## - SYSTEM CONTROL NUMBER
System control number (BD-RjUL)49282
040 ## - CATALOGING SOURCE
Original cataloging agency BD-RjUL
Language of cataloging ben
Transcribing agency BD-RjUL
041 ## - LANGUAGE CODE
Language code of text/sound track or separate title ben
082 ## - DEWEY DECIMAL CLASSIFICATION NUMBER
Edition number 23
Classification number 891.441
Author mark and year RON 1967
100 1# - MAIN ENTRY--PERSONAL NAME
Personal name রফিক, আহমদ
9 (RLIN) 147806
245 10 - TITLE STATEMENT
Title নর্বাসিত নায়ক /
Statement of responsibility, etc. আহমদ রফিক
260 ## - PUBLICATION, DISTRIBUTION, ETC. (IMPRINT)
Place of publication, distribution, etc. ঢাকা :
Name of publisher, distributor, etc. কোহিনুর লাইব্রেরী,
Date of publication, distribution, etc. ১৯৬৭.
300 ## - PHYSICAL DESCRIPTION
Pagination ৭৩ পৃ ;
Size ২১ সেমি
650 ## - SUBJECT ADDED ENTRY--TOPICAL TERM
Topical term or geographic name as entry element বাংলা কবিতা
9 (RLIN) 147807
Topical term or geographic name as entry element Bangali Portry
9 (RLIN) 147808
942 ## - ADDED ENTRY ELEMENTS (KOHA)
Source of classification or shelving scheme Dewey Decimal Classification
Koha item type Books
Holdings
Lost status Source of classification or shelving scheme Damaged status Not for loan Collection code Permanent Location Current Location Shelving location Date acquired Source of acquisition Total Checkouts Full call number Date last seen Copy number Koha item type Cost, normal purchase price
  Dewey Decimal Classification     Non-fiction Central Library, University of Rajshahi Central Library, University of Rajshahi   18/06/1990 Showkot Osman,Dhaka   B 891.441 RON 1967 18/08/2016 C-2 Books  
  Dewey Decimal Classification     Non-fiction Central Library, University of Rajshahi Central Library, University of Rajshahi   18/06/1990 Showkot Osman,Dhaka   B 891.441 RON 1967 18/08/2016 C-3 Books 3.00
  Dewey Decimal Classification     Non-fiction Central Library, University of Rajshahi Central Library, University of Rajshahi   18/06/1990 Showkot Osman,Dhaka   B 891.441 RON 1967 18/08/2016 C-4 Books 3.00
  Dewey Decimal Classification     Non-fiction Central Library, University of Rajshahi Central Library, University of Rajshahi   08/09/1973 Nowroj kitabistan,Dhaka   B 891.441 RON 1967 18/08/2016 C-5 Books 3.00
  Dewey Decimal Classification     Non-fiction Central Library, University of Rajshahi Central Library, University of Rajshahi   08/09/1973 Nowroj kitabistan,Dhaka   B 891.441 RON 1967 18/08/2016 C-6 Books 3.00
  Dewey Decimal Classification     Non-fiction Central Library, University of Rajshahi Central Library, University of Rajshahi   08/09/1973 Nowroj kitabistan,Dhaka   B 891.441 RON 1967 18/08/2016 C-7 Books 3.00